000 00704nam a2200265Ia 4500
005 20260121170807.0
008 008 260114s9999 xx 000 0 eng d
020 _a9783319953878
037 _aEBOOK
040 _aCRL
040 _beng
040 _cCRL
041 _2eng
041 _aeng
084 _qCRL
100 _aCarmen García-Peña, Luis Miguel Gutiérrez-Robledo, Mario Ulises Pérez-Zepeda
_91068240
245 0 _aAging Research - Methodological Issues
260 _bSpringer
260 _bSpringer
260 _c2018
856 _uhttps://link.springer.com/openurl?genre=book&isbn=978-3-319-95387-8
942 _cEBOOK
999 _c1633970
_d1633970